Pharmaceutical Analysis: A Text book for Pharmacy Students and Pharmaceutical Chemists (Record no. 11066)
[ view plain ]
| 000 -LEADER | |
|---|---|
| fixed length control field | 00495nam a22001697a 4500 |
| 003 - CONTROL NUMBER IDENTIFIER | |
| control field | OSt |
| 008 - FIXED-LENGTH DATA ELEMENTS--GENERAL INFORMATION | |
| fixed length control field | 220115b ||||| |||| 00| 0 eng d |
| 020 ## - INTERNATIONAL STANDARD BOOK NUMBER | |
| International Standard Book Number | 978-0-7020-7807-1 |
| 082 ## - DEWEY DECIMAL CLASSIFICATION NUMBER | |
| Classification number | 615.1901 WAP |
| 100 ## - MAIN ENTRY--PERSONAL NAME | |
| Personal name | Watson, David G |
| 245 ## - TITLE STATEMENT | |
| Title | Pharmaceutical Analysis: A Text book for Pharmacy Students and Pharmaceutical Chemists |
| 250 ## - EDITION STATEMENT | |
| Edition statement | 5th Edition |
| 260 ## - PUBLICATION, DISTRIBUTION, ETC. (IMPRINT) | |
| Place of publication, distribution, etc | Sydney |
| Name of publisher, distributor, etc | Elsevier |
| Date of publication, distribution, etc | 2017 |
| 300 ## - PHYSICAL DESCRIPTION | |
| Extent | 462 |
| 650 ## - SUBJECT ADDED ENTRY--TOPICAL TERM | |
| Topical term or geographic name as entry element | Pharmaceutical Analysis and Quality Assurance |
| 942 ## - ADDED ENTRY ELEMENTS (KOHA) | |
| Source of classification or shelving scheme | Dewey Decimal Classification |
| Koha item type | Text Books |
| Withdrawn status | Lost status | Source of classification or shelving scheme | Damaged status | Not for loan | Collection code | Home library | Current library | Date acquired | Source of acquisition | Currency | Cost, normal purchase price | Bill Number | Total Checkouts | Full call number | Acc. no. / Barcode | Date last seen | Date last borrowed | Actual Cost, discounted price | Bill Date | Koha item type |
|---|---|---|---|---|---|---|---|---|---|---|---|---|---|---|---|---|---|---|---|---|
| Dewey Decimal Classification | B.Pharma | PIET C-LIBRARY | PIET C-LIBRARY | 01/11/2022 | Kirti Prakashan | Indian Rup | 3321.41 | IN3266 | 3 | 615.1901 WAP | BP1686 | 29/12/2025 | 18/12/2025 | 2324.98 | 11/01/2022 | Text Books | ||||
| Dewey Decimal Classification | B.Pharma | PIET C-LIBRARY | PIET C-LIBRARY | 01/11/2022 | Kirti Prakashan | Indian Rup | 3321.41 | IN3266 | 1 | 615.1901 WAP | BP1687 | 12/09/2023 | 04/03/2023 | 2324.98 | 11/01/2022 | Reference Books |